[Event "Alekhine"]
[Site "Quebec CAN"]
[Date "2018.09.05"]
[Round "1"]
[White "Bernatchez, Dan"]
[Black "Beauchesne, Jonathan"]
[Result "1/2-1/2"]
[WhiteElo "1974"]
[BlackElo "1783"]
[PlyCount "96"]
[EventDate "2018.09.05"]
[EventType "swiss"]
[EventRounds "5"]
[EventCountry "CAN"]

1. d4 Nf6 2. g3 g6 3. Bg2 Bg7 4. c4 O-O 5. Nc3 d6 6. Nf3 Nbd7 7. O-O e5 8. b3
c6 9. dxe5 dxe5 10. Bb2 Qe7 11. Qc2 Rd8 12. Rad1 Nf8 13. e4 Ne8 14. Rxd8 Qxd8
15. Nd1 Qe7 16. Ne3 f6 17. c5 Be6 18. b4 Bxa2 19. Bxe5 Bf7 20. Bb2 Ne6 21. Nc4
N6c7 22. Nd4 Ne6 23. f4 Nxd4 24. Bxd4 Qe6 25. Rc1 Qxc4 26. Qxc4 Bxc4 27. Rxc4
Nc7 28. Bh3 Kf7 29. Kf2 Rd8 30. Be3 Nb5 31. Rc2 Ke7 32. Rd2 Rxd2+ 33. Bxd2 Kd8
34. Bf1 Nc7 35. Bc4 Kd7 36. Bg8 h6 37. h4 Ke7 38. Bc3 Ne6 39. Ke3 b6 40. cxb6
axb6 41. Bxe6 Kxe6 42. Bd4 Bf8 43. Bc3 Be7 44. Kd3 Bd6 45. Bd2 h5 46. Kc4 b5+
47. Kd4 Be7 48. e5 f5 1/2-1/2

[Event "Alekhine"]
[Site "Quebec CAN"]
[Date "2018.09.05"]
[Round "1"]
[White "Tremblay, Rejean"]
[Black "Lamontagne, Danny"]
[Result "1-0"]
[WhiteElo "2220"]
[BlackElo "1850"]
[PlyCount "61"]
[EventDate "2018.09.05"]
[EventType "swiss"]
[EventRounds "5"]
[EventCountry "CAN"]

1. d4 Nf6 2. c4 c5 3. d5 b5 4. cxb5 a6 5. bxa6 Bxa6 6. Nc3 g6 7. Nf3 Bg7 8. g3
d6 9. Bg2 O-O 10. O-O Nbd7 11. Qc2 Qa5 12. Rd1 Rfb8 13. Bd2 Qc7 14. Be1 Ng4 15.
Rab1 Nge5 16. Nxe5 Nxe5 17. b3 Qa7 18. a4 Rb7 19. h3 Qb8 20. Na2 Qc7 21. Rdc1
Rc8 22. f4 Nd7 23. e3 Ra7 24. b4 cxb4 25. Qxc7 Raxc7 26. Rxc7 Rxc7 27. Nxb4 Bb7
28. Nc6 Bxc6 29. dxc6 Nf6 30. Rb8+ Bf8 31. Ba5 1-0

[Event "Alekhine"]
[Site "Quebec CAN"]
[Date "2018.09.05"]
[Round "1"]
[White "Tremblay-Alix, Eric"]
[Black "Cossette, Daniel"]
[Result "0-1"]
[WhiteElo "1816"]
[BlackElo "2084"]
[PlyCount "82"]
[EventDate "2018.09.05"]
[EventType "swiss"]
[EventRounds "5"]
[EventCountry "CAN"]

1. Nf3 d5 2. c4 e6 3. g3 c5 4. Bg2 Nc6 5. b3 Nf6 6. O-O Be7 7. e3 O-O 8. d4
cxd4 9. exd4 Ne4 10. Bb2 Bf6 11. Qe2 b6 12. Ne5 Bxe5 13. dxe5 Nc5 14. cxd5 Ba6
15. Qg4 Bxf1 16. Kxf1 exd5 17. Nc3 Nxe5 18. Qd4 Nc6 19. Qg4 d4 20. Ne2 f5 21.
Qh5 Rc8 22. Nf4 Ne4 23. Bxe4 fxe4 24. Ne6 Qe8 25. Qg4 Rf7 26. Qxe4 Re7 27. Re1
Qf7 28. Ba3 Ree8 29. Qg4 h5 30. Qh3 d3 31. Bc1 Nd8 32. Nf4 Rxe1+ 33. Kxe1 Rxc1+
34. Kd2 Rc2+ 35. Kxd3 Rxf2 36. Qc8 Qf6 37. Qc4+ Kh8 38. Qe4 Qd6+ 39. Nd5 Ne6
40. b4 Nc7 41. Ke3 Qxd5 0-1

[Event "Alekhine"]
[Site "Quebec CAN"]
[Date "2018.09.12"]
[Round "2"]
[White "Beauchesne, Jonathan"]
[Black "Dube, Daniel"]
[Result "1-0"]
[WhiteElo "1783"]
[BlackElo "1843"]
[PlyCount "101"]
[EventDate "2018.09.05"]
[EventType "swiss"]
[EventRounds "5"]
[EventCountry "CAN"]

1. e4 c6 2. d4 d5 3. exd5 cxd5 4. Nf3 Nc6 5. Be2 Nf6 6. O-O Bg4 7. Re1 e6 8.
Nbd2 Bd6 9. h3 Bf5 10. c3 h6 11. Nf1 g5 12. Ne3 Bg6 13. Bb5 Ne4 14. Qa4 Qc7 15.
Ng4 h5 16. Nge5 Rc8 17. Nxg6 fxg6 18. Nxg5 Bh2+ 19. Kf1 Nxg5 20. Bxg5 Kd7 21.
Bf6 Rhf8 22. Be5 Bxe5 23. Rxe5 a6 24. Bxc6+ Qxc6 25. Qxc6+ Rxc6 26. Rae1 b5 27.
Rg5 Rf6 28. Re3 b4 29. Ke2 bxc3 30. Rxc3 Rxc3 31. bxc3 Kc6 32. f3 Kb5 33. Kd3
Ka4 34. c4 dxc4+ 35. Kxc4 a5 36. h4 Rf7 37. Rxg6 Rc7+ 38. Kd3 Ka3 39. Rxe6 Rg7
40. Re2 a4 41. d5 Kb4 42. Re4+ Ka3 43. g4 hxg4 44. fxg4 Ra7 45. Re2 Kb4 46. Kd4
Rc7 47. Rb2+ Ka3 48. Rg2 Rb7 49. d6 Kb4 50. Rb2+ Ka3 51. Rxb7 1-0

[Event "Alekhine"]
[Site "Quebec CAN"]
[Date "2018.09.12"]
[Round "2"]
[White "Cossette, Daniel"]
[Black "Lescarbeau, Martin"]
[Result "1-0"]
[WhiteElo "2084"]
[BlackElo "1659"]
[PlyCount "111"]
[EventDate "2018.09.05"]
[EventType "swiss"]
[EventRounds "5"]
[EventCountry "CAN"]

1. e4 e6 2. d4 d5 3. Nc3 Nf6 4. Bg5 Bb4 5. e5 h6 6. Bd2 Bxc3 7. bxc3 Ne4 8. Qg4
Kf8 9. Qf4 Nxd2 10. Qxd2 c5 11. Nf3 c4 12. Be2 Nc6 13. O-O a6 14. a4 Rb8 15.
Rfb1 b5 16. axb5 axb5 17. Qc1 Qe7 18. Nd2 g6 19. Bd1 Kg7 20. g3 Bd7 21. Ra6 b4
22. cxb4 Nxd4 23. c3 Bb5 24. Ra2 Nc6 25. Nf3 Rhd8 26. Qe3 Qb7 27. Nd4 Nxd4 28.
Qxd4 Qb6 29. Qxb6 Rxb6 30. f4 d4 31. cxd4 Rxd4 32. Kf2 c3 33. Be2 Bxe2 34. Kxe2
Rbxb4 35. Rxb4 Rxb4 36. Rc2 Rb2 37. Kd3 h5 38. Kxc3 Rxc2+ 39. Kxc2 g5 40. Kd3
g4 41. Kd4 Kh6 42. Kc5 Kg6 43. Kd6 Kg7 44. Ke7 Kg6 45. Kf8 f6 46. Ke7 fxe5 47.
fxe5 Kf5 48. Kd6 Ke4 49. Kxe6 Kf3 50. Kf5 Kg2 51. e6 Kxh2 52. Kf4 h4 53. e7
hxg3 54. e8=Q g2 55. Qh5+ Kg1 56. Qxg4 1-0

[Event "Alekhine"]
[Site "Quebec CAN"]
[Date "2018.09.12"]
[Round "2"]
[White "Garneau, Benoit"]
[Black "Tremblay, Rejean"]
[Result "0-1"]
[WhiteElo "1879"]
[BlackElo "2220"]
[PlyCount "56"]
[EventDate "2018.09.05"]
[EventType "swiss"]
[EventRounds "5"]
[EventCountry "CAN"]

1. Nf3 Nf6 2. g3 g6 3. Bg2 Bg7 4. O-O O-O 5. c4 d6 6. Nc3 Nc6 7. d4 a6 8. e4
Rb8 9. a4 Bg4 10. Be3 e5 11. d5 Na5 12. Qd3 c5 13. Nd2 Bd7 14. h3 Nh5 15. Kh2
f5 16. f4 exf4 17. Bxf4 Nxf4 18. gxf4 Qb6 19. b3 Rbe8 20. Rae1 Qb4 21. Nd1 b5
22. axb5 axb5 23. Re2 Re7 24. Ne3 Rfe8 25. Rfe1 Qc3 26. Qxc3 Bxc3 27. Rc1 Bxd2
28. Rxd2 Nxb3 0-1

[Event "Alekhine"]
[Site "Quebec CAN"]
[Date "2018.09.12"]
[Round "2"]
[White "Laprade, Jean jr"]
[Black "Marquis, Paul"]
[Result "1/2-1/2"]
[WhiteElo "1651"]
[BlackElo "1898"]
[PlyCount "74"]
[EventDate "2018.09.05"]
[EventType "swiss"]
[EventRounds "5"]
[EventCountry "CAN"]

1. e4 d6 2. d4 Nf6 3. Nc3 g6 4. f4 Bg7 5. Nf3 c5 6. dxc5 Qa5 7. Bd2 Qxc5 8. Bd3
Nc6 9. a3 Bg4 10. Bb5 Nxe4 11. Bxc6+ Qxc6 12. Nxe4 Qxe4+ 13. Qe2 Bxf3 14. gxf3
Qxe2+ 15. Kxe2 O-O 16. c3 Rfc8 17. Be3 Rc4 18. Rhg1 f5 19. h4 a5 20. h5 Kf7 21.
hxg6+ hxg6 22. Rh1 Rh8 23. Rxh8 Bxh8 24. Rh1 Bg7 25. Rh7 Kg8 26. Rh1 a4 27. Rd1
Rc6 28. Rd5 e6 29. Rb5 Rc7 30. Rb4 Bf6 31. Rxa4 Rh7 32. Rb4 Kf8 33. Rb6 Rd7 34.
Kd3 Ke7 35. Rb4 Ke8 36. a4 Bd8 37. Rb5 Bf6 1/2-1/2

[Event "Alekhine"]
[Site "Quebec CAN"]
[Date "2018.09.12"]
[Round "2"]
[White "Pouliot, Lewis"]
[Black "Tremblay-Alix, Eric"]
[Result "0-1"]
[WhiteElo "1449"]
[BlackElo "1816"]
[PlyCount "70"]
[EventDate "2018.09.05"]
[EventType "swiss"]
[EventRounds "5"]
[EventCountry "CAN"]

1. d4 c5 2. d5 Nf6 3. c4 d6 4. Nc3 g6 5. e4 Bg7 6. Bd3 O-O 7. f3 Nbd7 8. Bf4
Nh5 9. Bg3 Qa5 10. Nge2 Qb4 11. Qb3 Nxg3 12. hxg3 Ne5 13. Kd2 a5 14. Qc2 Nxc4+
15. Bxc4 Qxc4 16. b3 Qb4 17. Rh4 Bf6 18. Rh6 Bg5+ 19. f4 Bxh6 20. a3 Qb6 21.
Rh1 Bg7 22. f5 e5 23. g4 Qd8 24. Nd1 Qg5+ 25. Ne3 Bh6 26. Qd3 b5 27. Ng1 c4 28.
bxc4 bxc4 29. Qc3 Ba6 30. Nf3 Qxe3+ 31. Qxe3 Bxe3+ 32. Kxe3 c3 33. f6 Rfc8 34.
Ng5 c2 35. Rxh7 c1=Q+ 0-1

[Event "Alekhine"]
[Site "Quebec CAN"]
[Date "2018.09.19"]
[Round "3"]
[White "Marquis, Paul"]
[Black "Beauchesne, Jonathan"]
[Result "1-0"]
[WhiteElo "1898"]
[BlackElo "1783"]
[PlyCount "63"]
[EventDate "2018.09.05"]
[EventType "swiss"]
[EventRounds "5"]
[EventCountry "CAN"]

1. e4 c5 2. Nc3 d6 3. g3 g6 4. Bg2 Bg7 5. Nge2 Nf6 6. d3 Nc6 7. h3 h6 8. Be3
Rb8 9. f4 Bd7 10. O-O Qc8 11. Kh2 h5 12. Qe1 b5 13. Qf2 b4 14. Nd1 a5 15. d4
cxd4 16. Nxd4 e5 17. Nxc6 Bxc6 18. fxe5 dxe5 19. Bg5 Ng4+ 20. hxg4 hxg4+ 21.
Kg1 Qb7 22. Bf6 Bxf6 23. Qxf6 Rh5 24. Ne3 Bb5 25. Rfd1 Qa7 26. Qf2 f5 27. exf5
gxf5 28. Nxg4 Qxf2+ 29. Nxf2 Rb6 30. Rd5 e4 31. Nxe4 Bc6 32. Nf6+ 1-0

[Event "Alekhine"]
[Site "Quebec CAN"]
[Date "2018.09.19"]
[Round "3"]
[White "Tremblay, Rejean"]
[Black "Cossette, Daniel"]
[Result "1-0"]
[WhiteElo "2220"]
[BlackElo "2084"]
[PlyCount "125"]
[EventDate "2018.09.05"]
[EventType "swiss"]
[EventRounds "5"]
[EventCountry "CAN"]

1. d4 d5 2. c4 e6 3. Nc3 c5 4. cxd5 exd5 5. Nf3 Nc6 6. g3 Nf6 7. Bg2 Be7 8. O-O
O-O 9. dxc5 Bxc5 10. Bg5 d4 11. Na4 Be7 12. Rc1 h6 13. Bxf6 Bxf6 14. Nc5 Qb6
15. Qd2 Bf5 16. Ne1 Rac8 17. Ned3 Nd8 18. b4 Bg5 19. f4 Be7 20. Rfd1 Re8 21.
Bf3 Bxd3 22. Qxd3 Bxc5 23. bxc5 Rxc5 24. Rb1 Qa5 25. Qxd4 Rc7 26. Qd6 Rce7 27.
Qb4 Qxb4 28. Rxb4 b6 29. e4 Ne6 30. e5 Nc5 31. Rd6 g6 32. Bd5 Kg7 33. a4 h5 34.
h4 Rc7 35. Rc4 Rec8 36. Rf6 Rd8 37. Bf3 Rd3 38. Kg2 Ra3 39. Bc6 Re7 40. Rd4 Ne6
41. Rd6 Rc7 42. Kh2 Rc3 43. Be4 Nc5 44. Bxg6 Nb7 45. Bxh5 Rc2+ 46. Kh3 Nxd6 47.
Rxd6 R2c6 48. Rd8 Rc5 49. Bg4 b5 50. axb5 Rxb5 51. h5 a5 52. Rd6 Rb8 53. h6+
Kh8 54. Ra6 Rc5 55. Bf5 Rg8 56. Ra7 Rf8 57. g4 Rc4 58. Kg3 a4 59. g5 Rc3+ 60.
Kg4 a3 61. e6 fxe6 62. Bxe6 Rd3 63. g6 1-0

[Event "Alekhine"]
[Site "Quebec CAN"]
[Date "2018.09.19"]
[Round "3"]
[White "Tremblay-Alix, Eric"]
[Black "Garneau, Benoit"]
[Result "1-0"]
[WhiteElo "1816"]
[BlackElo "1879"]
[PlyCount "71"]
[EventDate "2018.09.05"]
[EventType "swiss"]
[EventRounds "5"]
[EventCountry "CAN"]

1. f4 d5 2. Nf3 g6 3. e3 Bg7 4. c4 Nf6 5. Nc3 O-O 6. cxd5 Nxd5 7. Bc4 Nb6 8.
Bb3 c5 9. d3 Bg4 10. O-O Nc6 11. Ne4 Bf5 12. Nxc5 Rc8 13. Nh4 Nb4 14. d4 Nd7
15. Nxf5 gxf5 16. Bd2 Nxc5 17. Bxb4 Ne4 18. Qd3 Qd7 19. Rac1 Rfd8 20. Bc3 a6
21. Ba5 Nc5 22. Rxc5 Rxc5 23. Bxd8 Qxd8 24. Rd1 Ra5 25. Bc4 b5 26. Bb3 e6 27.
Qc3 Bf8 28. Qe1 b4 29. e4 fxe4 30. Qxe4 Bg7 31. d5 Qb6+ 32. Kh1 Qb7 33. dxe6
Qxe4 34. exf7+ Kf8 35. Rd8+ Ke7 36. Re8+ 1-0

[Event "Alekhine"]
[Site "Quebec CAN"]
[Date "2018.09.26"]
[Round "4"]
[White "Beauchesne, Jonathan"]
[Black "Tremblay-Alix, Eric"]
[Result "0-1"]
[WhiteElo "1783"]
[BlackElo "1816"]
[PlyCount "24"]
[EventDate "2018.09.05"]
[EventType "swiss"]
[EventRounds "5"]
[EventCountry "CAN"]

1. e4 e6 2. d4 d5 3. Nd2 c5 4. Ngf3 Nc6 5. exd5 exd5 6. dxc5 Bxc5 7. Nb3 b6 8.
Nxc5 bxc5 9. Bb5 Qa5+ 10. c3 Qxb5 11. Qxd5 Nf6 12. Qg5 O-O 0-1

[Event "Alekhine"]
[Site "Quebec CAN"]
[Date "2018.09.26"]
[Round "4"]
[White "Bernatchez, Dan"]
[Black "Tremblay, Rejean"]
[Result "0-1"]
[WhiteElo "1974"]
[BlackElo "2220"]
[PlyCount "38"]
[EventDate "2018.09.05"]
[EventType "swiss"]
[EventRounds "5"]
[EventCountry "CAN"]

1. d4 Nf6 2. c4 g6 3. Nc3 Bg7 4. e4 d6 5. Nf3 O-O 6. h3 e5 7. dxe5 dxe5 8. Be3
Qe7 9. Qc2 c6 10. Be2 Nbd7 11. O-O Nh5 12. Rfd1 Nf4 13. Bf1 Nc5 14. b4 Nce6 15.
g3 Nh5 16. b5 c5 17. Nd5 Qd8 18. Nf4 exf4 19. Rxd8 Rxd8 0-1

[Event "Alekhine"]
[Site "Quebec CAN"]
[Date "2018.09.26"]
[Round "4"]
[White "Cossette, Daniel"]
[Black "Marquis, Paul"]
[Result "1-0"]
[WhiteElo "2084"]
[BlackElo "1898"]
[PlyCount "117"]
[EventDate "2018.09.05"]
[EventType "swiss"]
[EventRounds "5"]
[EventCountry "CAN"]

1. e4 e6 2. d4 d5 3. Nc3 Bb4 4. e5 c5 5. Qg4 Ne7 6. dxc5 Nbc6 7. Bd2 Bxc3 8.
bxc3 Nf5 9. Nf3 Qc7 10. Bb5 Bd7 11. Bxc6 Bxc6 12. O-O Bb5 13. Rfe1 Qxc5 14.
Rab1 O-O-O 15. Nd4 Bd7 16. Nxf5 exf5 17. Qd4 Qxd4 18. cxd4 Rde8 19. Bb4 Re6 20.
Bd6 Bc6 21. Red1 b6 22. c4 Kd7 23. cxd5 Bxd5 24. Rbc1 Rc8 25. Rxc8 Kxc8 26.
Rc1+ Kd8 27. Rc7 Rg6 28. g3 Rg4 29. f4 g5 30. e6 Bxe6 31. Rxa7 gxf4 32. Bxf4 b5
33. a3 Rg6 34. Kf2 Bd5 35. Be5 Rc6 36. Ke3 Rc4 37. Kf4 Be6 38. Kg5 Ra4 39. Rxa4
bxa4 40. Bf6+ Ke8 41. Kh6 f4 42. g4 Bxg4 43. Kxh7 Bh3 44. Kh6 f3 45. Bh4 Kd7
46. Kg5 Ke6 47. Kf4 Bg2 48. Bf2 Kf6 49. h4 Bf1 50. Kxf3 Bd3 51. Ke3 Bc4 52. Ke4
Ke6 53. h5 Bd5+ 54. Kd3 Kf6 55. h6 Kg6 56. Be3 f5 57. Kc3 Kh7 58. Kb4 Bb3 59.
Kc5 1-0

[Event "Alekhine"]
[Site "Quebec CAN"]
[Date "2018.10.03"]
[Round "5"]
[White "Dube, Daniel"]
[Black "Cossette, Daniel"]
[Result "1/2-1/2"]
[WhiteElo "1843"]
[BlackElo "2084"]
[PlyCount "116"]
[EventDate "2018.09.05"]
[EventType "swiss"]
[EventRounds "5"]
[EventCountry "CAN"]

1. e4 c5 2. Nf3 Nc6 3. Bb5 g6 4. Bxc6 dxc6 5. d3 Bg7 6. h3 Nf6 7. Nc3 b6 8. Be3
O-O 9. Qd2 e5 10. Bh6 Qd6 11. Bxg7 Kxg7 12. O-O-O Ba6 13. Qg5 Rfe8 14. g4 h6
15. Qe3 Ng8 16. Nd2 Qe6 17. b3 Rad8 18. Rdg1 Bc8 19. h4 Qd6 20. Kb2 a5 21. Ne2
b5 22. f4 exf4 23. Qxf4 Qxf4 24. Nxf4 Be6 25. Nxe6+ Rxe6 26. g5 h5 27. a4 Ne7
28. Ra1 Ra8 29. Ra2 f6 30. Rha1 fxg5 31. hxg5 Rf8 32. axb5 cxb5 33. Rxa5 Rf2
34. Kc1 Re5 35. Ra7 h4 36. b4 h3 37. c4 h2 38. Kc2 Kf7 39. Rh1 Rxg5 40. Raa1
bxc4 41. b5 cxd3+ 42. Kxd3 Rg3+ 43. Kc2 c4 44. Raf1 Rxf1 45. Rxf1+ Ke6 46. Rh1
c3 47. Nc4 Rh3 48. b6 Nc6 49. b7 Nd4+ 50. Kc1 Rg3 51. Kb1 Rg1+ 52. Ka2 Rxh1 53.
b8=Q Ra1+ 54. Kxa1 h1=Q+ 55. Ka2 Qg2+ 56. Ka3 Nc2+ 57. Kb3 Nd4+ 58. Ka3 Nc2+
1/2-1/2

[Event "Alekhine"]
[Site "Quebec CAN"]
[Date "2018.10.03"]
[Round "5"]
[White "Lamontagne, Danny"]
[Black "Beauchesne, Jonathan"]
[Result "0-1"]
[WhiteElo "1850"]
[BlackElo "1783"]
[PlyCount "90"]
[EventDate "2018.09.05"]
[EventType "swiss"]
[EventRounds "5"]
[EventCountry "CAN"]

1. e4 c5 2. c3 d5 3. exd5 Qxd5 4. d4 e6 5. Nf3 Nf6 6. Nbd2 Be7 7. Bc4 Qd8 8.
O-O O-O 9. dxc5 Bxc5 10. Nb3 Be7 11. Nbd4 Nd5 12. Re1 a6 13. a4 b6 14. Qe2 Bf6
15. Bd3 Bb7 16. Qe4 g6 17. c4 Nb4 18. Qxb7 Nxd3 19. Rd1 Nd7 20. Nxe6 fxe6 21.
Rxd3 Nc5 22. Rxd8 Raxd8 23. Qxh7+ Kxh7 24. Ng5+ Bxg5 25. Bxg5 Rd7 26. f3 Rf5
27. Be3 Rd3 28. Kf2 Rf7 29. b4 Nb3 30. Ra3 Rfd7 31. Bxb6 Nc1 32. Ra1 Rd2+ 33.
Kg3 Ne2+ 34. Kg4 Nc3 35. Ra3 Rxg2+ 36. Kh3 Rc2 37. b5 axb5 38. axb5 Rb7 39. Ra6
Na4 40. Bd8 Rxc4 41. Rxe6 Rxb5 42. Re7+ Kh6 43. Re8 Rf5 44. Kg3 Rcf4 45. Bg5+
Kxg5 0-1

[Event "Alekhine"]
[Site "Quebec CAN"]
[Date "2018.10.03"]
[Round "5"]
[White "Tremblay, Rejean"]
[Black "Tremblay-Alix, Eric"]
[Result "1-0"]
[WhiteElo "2220"]
[BlackElo "1816"]
[PlyCount "109"]
[EventDate "2018.09.05"]
[EventType "swiss"]
[EventRounds "5"]
[EventCountry "CAN"]

1. d4 Nf6 2. c4 g6 3. Nc3 Bg7 4. e4 d6 5. Be2 O-O 6. Nf3 c5 7. O-O cxd4 8. Nxd4
Nc6 9. Be3 Bd7 10. Qd2 Rc8 11. f3 Qc7 12. Rac1 a6 13. Nd5 Qd8 14. Nxc6 Rxc6 15.
a4 Nxd5 16. exd5 Rc8 17. a5 h5 18. Bb6 Qe8 19. b3 e6 20. Bd3 Qe7 21. dxe6 Bxe6
22. Be4 Kh7 23. Rcd1 f5 24. Bb1 Rc6 25. Rfe1 Qf7 26. Re2 Re8 27. Rde1 Qd7 28.
f4 Rcc8 29. Rd1 Bf7 30. Rxe8 Rxe8 31. Bc2 Bf8 32. Bd3 Qc6 33. Be2 d5 34. cxd5
Bxd5 35. Bxa6 Bc5+ 36. Kf1 Bxb6 37. axb6 Rd8 38. Qe3 Bxg2+ 39. Kf2 Rxd1 40.
Qe7+ Kg8 41. Bc4+ Bd5 42. Qd8+ Kf7 43. Qc7+ Ke8 44. Qe5+ Kf7 45. Qc7+ Kf8 46.
Qd8+ Qe8 47. Qf6+ Qf7 48. Qh8+ Ke7 49. Qe5+ Be6 50. Qc5+ Ke8 51. Bb5+ Bd7 52.
Qc8+ Ke7 53. Qc5+ Ke8 54. Qc8+ Ke7 55. Qc5+ 1-0

[Event "Almonte op"]
[Site "Almonte CAN"]
[Date "2018.10.13"]
[Round "3"]
[White "Ramesh, Sanjay"]
[Black "Balasooniya, Randika"]
[Result "1/2-1/2"]
[WhiteElo "1547"]
[BlackElo "1783"]
[PlyCount "62"]
[EventDate "2018.10.13"]
[EventType "swiss"]
[EventRounds "5"]
[EventCountry "CAN"]

1. d4 Nf6 2. c4 e6 3. Nc3 Bb4 4. Qc2 O-O 5. Nf3 d5 6. Bg5 c6 7. e3 Nbd7 8. Bd3
dxc4 9. Bxc4 h6 10. Bh4 Qa5 11. O-O e5 12. Bxf6 Nxf6 13. Nxe5 Bd6 14. f4 Qc7
15. Qd3 a5 16. a4 Kh8 17. Rac1 Ng8 18. Nb5 cxb5 19. Bxf7 Bxe5 20. Rxc7 Bxc7 21.
Bxg8 Rxg8 22. Qxb5 Bd8 23. e4 b6 24. Re1 Ba6 25. Qd7 Bf6 26. e5 Rge8 27. Rd1
Be7 28. Qc6 Rab8 29. d5 Bc5+ 30. Kh1 Rbc8 31. Qg6 Be2 1/2-1/2

[Event "Almonte op"]
[Site "Almonte CAN"]
[Date "2018.10.14"]
[Round "5"]
[White "Gordon, David"]
[Black "Pace, Christopher"]
[Result "1-0"]
[WhiteElo "2255"]
[BlackElo "2250"]
[PlyCount "89"]
[EventDate "2018.10.13"]
[EventType "swiss"]
[EventRounds "5"]
[EventCountry "CAN"]

1. d4 d6 2. Nc3 g6 3. e4 Bg7 4. f4 a6 5. a4 b6 6. Nf3 Bb7 7. Bc4 e6 8. f5 d5 9.
exd5 exf5 10. Ng5 h6 11. Qe2+ Kf8 12. Nxf7 Kxf7 13. Bf4 Nd7 14. Qe6+ Kf8 15. d6
Qe8 16. dxc7 Qxe6+ 17. Bxe6 Ke7 18. Bd5 Bxd5 19. Nxd5+ Ke6 20. c4 g5 21. a5
bxa5 22. Rxa5 Ne7 23. Kd2 Nc6 24. Re1+ Kf7 25. Bd6 Nxa5 26. Re7+ Kg6 27. Rxd7
Nxc4+ 28. Kc3 Nxd6 29. Rxd6+ Kf7 30. Kc4 Rhe8 31. Rd7+ Kf8 32. Nb6 Ra7 33. Kd5
Rxc7 34. Rxc7 Re2 35. b4 Rb2 36. Nd7+ Kg8 37. Rb7 a5 38. Rb8+ Kf7 39. bxa5 Ra2
40. Ra8 Bxd4 41. Kxd4 Rd2+ 42. Ke5 Rxd7 43. a6 Kg7 44. a7 f4 45. Rg8+ 1-0

[Event "Annex CC Relax and Unwind Swiss"]
[Site "Toronto CAN"]
[Date "2018.07.30"]
[Round "1"]
[White "Cohen, David"]
[Black "Guo, Josh"]
[Result "0-1"]
[WhiteElo "1872"]
[BlackElo "2234"]
[PlyCount "140"]
[EventDate "2018.07.30"]
[EventType "swiss"]
[EventRounds "5"]
[EventCountry "CAN"]
[TimeControl "5400+30"]

1. d4 Nf6 2. c4 g6 3. Nc3 Bg7 4. e4 d6 5. h3 O-O 6. Be3 Nbd7 7. Bd3 e5 8. d5
Nc5 9. Nge2 Nh5 10. g4 Nf4 11. Nxf4 exf4 12. Bxf4 Bxc3+ 13. bxc3 Qf6 14. Be3
Qxc3+ 15. Ke2 Re8 16. f3 f5 17. gxf5 Bxf5 18. Qd2 Qxd3+ 19. Qxd3 Nxd3 20. Kxd3
Bd7 21. Rab1 b6 22. Bh6 Re5 23. h4 Rh5 24. Bg5 Kf7 25. Be3 c6 26. Rbc1 Rc8 27.
Bf4 Ke7 28. Bg5+ Ke8 29. Bf4 cxd5 30. Bxd6 dxc4+ 31. Kc3 Rc6 32. Bg3 Ra5 33.
Kd4 Rxa2 34. Rxc4 Rxc4+ 35. Kxc4 Be6+ 36. Kd4 Ra3 37. Bb8 b5 38. f4 b4 39. h5
a5 40. hxg6 hxg6 41. Bd6 Kd7 42. Ke5 Bg4 43. Rc1 Ra2 44. Rc7+ Kd8 45. Kf6 b3
46. Rb7 a4 47. Be5 Bf3 48. Ke6 Rc2 49. Bf6+ Kc8 50. Rb4 Rc6+ 51. Kf7 Rxf6+ 52.
Kxf6 Bxe4 53. Rxa4 b2 54. Rc4+ Kd7 55. Rxe4 b1=Q 56. Re7+ Kd8 57. Re5 Qf1 58.
Re4 Qf3 59. Rd4+ Ke8 60. Kxg6 Qe3 61. Ra4 Qb6+ 62. Kg7 Qc7+ 63. Kg8 Qc6 64. Rb4
Qg6+ 65. Kh8 Qd6 66. Ra4 Kf7 67. Ra7+ Kf6 68. Ra8 Qc6 69. Rf8+ Ke7 70. Rb8 Kf7
0-1

[Event "Annex CC Relax and Unwind Swiss"]
[Site "Toronto CAN"]
[Date "2018.08.13"]
[Round "2"]
[White "Bitton, Michael"]
[Black "Cohen, David"]
[Result "0-1"]
[WhiteElo "1882"]
[BlackElo "1872"]
[PlyCount "130"]
[EventDate "2018.07.30"]
[EventType "swiss"]
[EventRounds "5"]
[EventCountry "CAN"]
[TimeControl "5400+30"]

1. d4 d5 2. c4 e6 3. Nc3 c5 4. cxd5 exd5 5. dxc5 Nf6 6. Bg5 Bxc5 7. e3 Be6 8.
Bb5+ Nc6 9. Nf3 O-O 10. O-O Rc8 11. Rc1 Be7 12. a3 a6 13. Ba4 b5 14. Bb3 Na5
15. Bxf6 Bxf6 16. Bxd5 Rxc3 17. bxc3 Qxd5 18. a4 Nb3 19. Rb1 Qxd1 20. Rfxd1
Bxc3 21. axb5 axb5 22. h3 h6 23. Nd4 Nxd4 24. exd4 b4 25. g4 Rd8 26. Kg2 Bd5+
27. f3 g5 28. Kf2 Re8 29. Rd3 Kf8 30. Rbd1 Bb3 31. Rc1 Bc4 32. Rdxc3 bxc3 33.
Rxc3 Re2+ 34. Kg3 Bd5 35. Rc5 Be6 36. d5 Bd7 37. h4 Ke7 38. hxg5 Kd6 39. Ra5
hxg5 40. Ra3 Rd2 41. Ra6+ Ke5 42. Ra7 Rxd5 43. Ra8 Be6 44. Rg8 f6 45. Re8 Kd6
46. Rd8+ Bd7 47. Kf2 Rd3 48. Rb8 Ke5 49. Rb6 Be6 50. Rb5+ Bd5 51. Ke2 Rc3 52.
Ra5 Kd4 53. Ra4+ Bc4+ 54. Kf2 Rc2+ 55. Kg3 Ke3 56. Ra3+ Bd3 57. Rb3 Rc4 58. Ra3
Rf4 59. Kg2 Rxf3 60. Rxd3+ Kxd3 61. Kxf3 Kd4 62. Kf2 Ke4 63. Kg3 Ke3 64. Kg2
Kf4 65. Kh3 Kf3 0-1

[Event "Annex CC Spring Thaw Swiss"]
[Site "Toronto CAN"]
[Date "2018.03.19"]
[Round "1"]
[White "Chen, Sihao"]
[Black "David, Jean-Marc"]
[Result "1/2-1/2"]
[WhiteElo "1429"]
[BlackElo "1378"]
[PlyCount "72"]
[EventDate "2018.03.19"]
[EventType "swiss"]
[EventRounds "5"]
[EventCountry "CAN"]

1. e4 e5 2. Nf3 Nc6 3. d4 exd4 4. Bc4 h6 5. Nxd4 Ne5 6. Bb3 Nf6 7. O-O d6 8. f4
Nc6 9. Nxc6 bxc6 10. e5 Ne4 11. exd6 cxd6 12. Re1 d5 13. Nc3 Bf5 14. Nxd5 cxd5
15. Bxd5 Bc5+ 16. Be3 Bxe3+ 17. Rxe3 Qb6 18. Qf3 O-O 19. Bxa8 Rxa8 20. Kh1 Rd8
21. Rxe4 Bxe4 22. Qxe4 Qxb2 23. Re1 Qxa2 24. c4 Rc8 25. Rc1 Qa6 26. h3 Qc6 27.
Qd4 a5 28. c5 Qb5 29. Rc3 Rc6 30. Kh2 a4 31. Rg3 g6 32. Re3 Rxc5 33. Qd8+ Kh7
34. Re8 Qb2 35. Qe7 Rf5 36. Qf8 h5 1/2-1/2

[Event "Annex CC Spring Thaw Swiss"]
[Site "Toronto CAN"]
[Date "2018.03.19"]
[Round "1"]
[White "Southam, David"]
[Black "England, Max"]
[Result "0-1"]
[WhiteElo "2208"]
[BlackElo "2050"]
[PlyCount "80"]
[EventDate "2018.03.19"]
[EventType "swiss"]
[EventRounds "5"]
[EventCountry "CAN"]

1. d4 Nf6 2. Bf4 d5 3. e3 Bf5 4. c4 e6 5. Nc3 Bd6 6. Bxd6 Qxd6 7. Bd3 Bxd3 8.
Qxd3 Nbd7 9. Nf3 O-O 10. O-O c6 11. a3 Rfe8 12. e4 dxe4 13. Nxe4 Nxe4 14. Qxe4
e5 15. Rad1 Nf6 16. Qh4 e4 17. c5 Qd5 18. Ne5 Rad8 19. Qg3 Nd7 20. Nxd7 Rxd7
21. h3 f5 22. Rfe1 Qf7 23. Qf4 Qf6 24. g4 Rd5 25. g5 Qd8 26. h4 g6 27. Qe3 Re7
28. Rd2 Red7 29. Red1 Qf8 30. b4 Re7 31. Qf4 e3 32. fxe3 Re4 33. Qf2 Rg4+ 34.
Kh2 Qb8+ 35. Kh3 Qc8 36. Qf3 Re4 37. Rd3 f4+ 38. Kh2 Qf5 39. exf4 Rxf4 40. Qg3
Qe4 0-1

[Event "Annex CC Strawberry Swiss"]
[Site "Toronto CAN"]
[Date "2018.07.16"]
[Round "4"]
[White "Ramesh, Bharath"]
[Black "Ugodnikov, arkadiy"]
[Result "1-0"]
[WhiteElo "1591"]
[BlackElo "1689"]
[PlyCount "41"]
[EventDate "2018.06.11"]
[EventType "swiss"]
[EventRounds "5"]
[EventCountry "CAN"]

1. d4 d5 2. Bf4 Nf6 3. e3 c6 4. Nd2 e6 5. Ngf3 Be7 6. Bd3 Nbd7 7. c3 c5 8. Ne5
c4 9. Bc2 Nb6 10. Qf3 Bd7 11. h4 Na4 12. Rb1 Nb6 13. g4 O-O 14. g5 Ne8 15. Qh5
g6 16. Qh6 Nd6 17. h5 Nf5 18. Bxf5 gxf5 19. g6 fxg6 20. hxg6 Rf6 21. Qxh7+ 1-0